000
00231nam a22000857a 4500
008
161128b xxu||||| |||| 00| 0 eng d
100
_9
1495
_a
Rajagopalan. S
245
_a
Learn and play quitar books
260
_a
America
_b
Master books
_c
2005
999
_c
4220
_d
4220